000 00409nam a22001697a 4500
005 20160615152717.0
008 160615b xxu||||| |||| 00| 0 eng d
020 _a81-318-0129-1
041 _aeng
082 _b7833
100 _aRajrut, R.K.
_92020
245 _aThermal Science and Engineering
260 _bLaxmi Publication
_c2011
300 _a524
650 _aDIPLOMA ENGINEERING
_9817
942 _cBK
999 _c2817
_d2816